[Event "CHN-ch Blitz Open 2018"]
[Site "Tianjin"]
[Date "2018.06.08"]
[Round "8.2"]
[White "Wen, Yang"]
[Black "Bai, Jinshi"]
[Result "1-0"]
[WhiteElo "2545"]
[BlackElo "2471"]
[Annotator "TA"]
[PlyCount "107"]
[EventDate "2018.06.07"]
[EventType "blitz"]
[EventRounds "9"]
[EventCountry "CHN"]
[SourceTitle "playchess.com"]
[Source "ChessBase"]
[SourceQuality "1"]

{[%evp 19,107,-2,-10,-14,-10,-18,-4,-15,-5,0,-9,-21,-21,-21,-23,-21,-21,-31,-28,-43,-21,-32,-29,-32,-21,-30,0,-21,0,-31,-25,-20,0,0,7,0,0,0,62,58,50,30,32,24,27,-7,0,-14,0,0,-2,-14,0,0,0,-123,-133,-116,-89,-200,-189,-193,-153,-206,0,0,0,0,68,59,185,185,202,210,230,216,317,298,518,515,860,361,1182,715,741,722,686,675,5381,511]} 1. d4 Nf6 2. Bg5 d5 3. e3 g6 4. Nf3 Bg7 5. Nbd2 O-O 6. c3 Nbd7 7. Be2 Re8 8. O-O e5 9. Nxe5 {D03: 1 d4 d5 2 Nf3 Nf6 3 Bg5, including Torre Attack with early ...d5} (9. Bh4 c6 10. Bg3 e4 11. Ne5 Nxe5 12. Bxe5 Bf8 13. Bg3 Bd6 14. Bh4 h6 15. c4 Be6 16. Rc1 Kg7 17. cxd5 cxd5 {½-½ (73) Kramnik,V (2811)-Radjabov,T (2710) Shamkir 2017}) 9... Nxe5 10. dxe5 Rxe5 {LiveBook: 30 Games} 11. Bf4 $146 {The position is equal.} ({Predecessor:} 11. Nf3 Re8 12. Qb3 c6 13. a4 Qb6 14. Qa3 a5 15. Bf4 Ne4 16. Bd3 Bf5 17. Bxe4 Bxe4 {1-0 (82) Kelires,A (2523)-Akhvlediani,I (2318) Batumi 2018}) 11... Re8 12. a4 a5 13. h3 c6 14. Qb3 Nd7 15. Rfe1 Nc5 16. Qa3 Bf8 {aiming for ...Ne4.} 17. Qa2 $1 Bf5 18. Bh2 Qb6 19. Red1 Bd3 20. Bf1 Bxf1 21. Rxf1 Bh6 22. Bg3 Nd3 23. Nf3 Nc5 24. Rad1 Ne4 25. Be5 Re7 26. c4 Rae8 27. Bd4 c5 28. Bc3 $1 Nxc3 (28... dxc4 $11 29. Qxc4 Nxc3 30. Qxc3 Bg7) 29. bxc3 $14 dxc4 30. Qxc4 Re4 31. Qa2 $1 Qc6 32. Ra1 Bg7 $36 {[%mdl 2048] Black is more active.} 33. Rfc1 b6 34. Nd2 Rh4 35. Qc2 Rd8 36. Rd1 Bf6 37. Nf3 (37. f3 $11 {remains equal.}) 37... Rxd1+ $17 38. Qxd1 Rc4 39. Rb1 (39. Ra3 $17) 39... Rxc3 $19 ({Don't take} 39... Rxa4 40. Rxb6 Qxb6 41. Qxa4 $17) 40. Nd2 Rd3 41. Qc2 (41. Qf3 $17 Qxf3 42. Nxf3) 41... Rd8 $2 (41... Ra3 $19 42. Nc4 Rc3) 42. Nc4 $11 Rb8 {[#]} 43. Nxa5 $1 {[%mdl 512]} Qc7 ({Black should play} 43... Qe6 $11) (43... bxa5 44. Rxb8+) 44. Nc4 $14 Be7 {[#]} (44... Qa7 $14) 45. Rb5 $1 $18 Bd8 46. Qb3 Qd7 {[#]} 47. a5 $1 ({Don't play} 47. Nxb6 $6 Rxb6 48. Rxb6 Bxb6 $16) 47... Ra8 (47... Kg7 $142 48. axb6 Qd5) 48. axb6 ({Not} 48. Nxb6 Bxb6 49. axb6 (49. Rxb6 Qd8 $16) 49... Qc6 $16) 48... Ra1+ $2 (48... Qd5 49. Na5 Qd6) 49. Kh2 Qf5 (49... Ra8 $142 50. Rxc5 Rb8) 50. Qb2 (50. f4 $142 Ra8 51. Ne5) 50... Bf6 $2 (50... Ra8 51. Qd2 Be7) 51. b7 {White is clearly winning.} Bxb2 52. b8=Q+ Kg7 53. Rxb2 Rc1 54. Qe5+ {Precision: White = 50%, Black = 26%.} (54. Nd6 $142 Qe6 55. Rb6 Qe5+ 56. g3) 1-0

[Event "CHN-ch Blitz Open 2018"]
[Site "Tianjin"]
[Date "2018.06.08"]
[Round "8.3"]
[White "Xu, Xiangyu"]
[Black "Xu, Yinglun"]
[Result "1/2-1/2"]
[WhiteElo "2370"]
[BlackElo "2487"]
[Annotator "TA"]
[PlyCount "59"]
[EventDate "2018.06.07"]
[EventType "blitz"]
[EventRounds "9"]
[EventCountry "CHN"]
[SourceTitle "playchess.com"]
[Source "ChessBase"]
[SourceQuality "1"]

{[%evp 27,59,2,17,13,13,0,0,0,35,0,0,0,0,0,0,0,0,0,0,0,0,0,0,0,0,0,0,0,0,0,0,0,0,0]} 1. d4 d5 2. c4 e6 3. Nc3 Nf6 4. cxd5 Nxd5 5. e4 Nxc3 6. bxc3 c5 7. Nf3 cxd4 8. cxd4 Bb4+ 9. Bd2 Bxd2+ 10. Qxd2 O-O 11. Bc4 b6 12. O-O {D41: Queen's Gambit Declined: Semi-Tarrasch with 5 cxd5} (12. d5 Ba6 13. Bxa6 Nxa6 14. d6 Nc5 15. e5 Qd7 16. O-O Rad8 17. Rad1 Qa4 18. Rfe1 f6 19. Qe2 fxe5 20. Nxe5 {1-0 (32) Caruana,F (2799)-Xiong,J (2633) Douglas 2017}) 12... Bb7 13. d5 exd5 14. Bxd5 Bxd5 {LiveBook: 3 Games} 15. exd5 Qd6 16. Rac1 Rd8 17. Rfd1 {[#]} h6 $146 (17... Na6 {keeps more tension.} 18. Rc6 Qxc6 19. dxc6 Rxd2 20. Rxd2 Kf8) ({Predecessor:} 17... Na6 18. Rc6 Qxc6 19. dxc6 Rxd2 20. Rxd2 {½-½ (30) Ma,Q (2637)-Lu,S (2620) China 2017}) 18. h3 Na6 {The position is equal.} 19. Rc6 Qxc6 $1 20. dxc6 Rxd2 21. Rxd2 $11 {[%mdl 4096] Endgame KRN-KRN} Rc8 22. Rd7 Rxc6 23. Rxa7 Nc7 24. Nd4 Rc4 25. a3 Rxd4 26. Rxc7 Rd3 27. Rc8+ Kh7 28. Rc7 Kg8 29. Rc8+ Kh7 30. Rc7 {Precision: White = 82%, Black = 77%.} 1/2-1/2

[Event "CHN-ch Blitz Open 2018"]
[Site "Tianjin"]
[Date "2018.06.08"]
[Round "8.4"]
[White "Lu, Shanglei"]
[Black "Wei, Yi"]
[Result "0-1"]
[WhiteElo "2656"]
[BlackElo "2694"]
[Annotator "TA"]
[PlyCount "84"]
[EventDate "2018.06.07"]
[EventType "blitz"]
[EventRounds "9"]
[EventCountry "CHN"]
[SourceTitle "playchess.com"]
[Source "ChessBase"]
[SourceQuality "1"]

{[%evp 18,84,11,10,46,8,10,7,10,0,2,0,7,0,4,0,0,0,0,-26,43,0,60,16,44,41,49,0,0,-89,-100,-108,0,-135,-126,-152,-145,-127,-77,-201,-205,-291,-295,-416,-280,-461,-453,-460,-442,-957,-903,-1280,-629,-619,-616,-1154,-1171,-1613,-1568,-29984,-29985,-29985,-29986,-29955,-12837,-12837,-12838,-12838,-12839]} 1. e4 c6 2. Nc3 d5 3. Nf3 g6 4. h3 Bg7 5. d4 dxe4 6. Nxe4 Nf6 7. Nxf6+ exf6 8. Bc4 O-O 9. O-O a5 {B15: Caro-Kann: 3 Nc3: 3...g6 and 3...dxe4 4 Nxe4 Nf6 5 Nxf6+ exf6} 10. a4 {LiveBook: 6 Games} Nd7 {[%cal Bb8d7,Bd7b6,Bb6d5][%mdl 32]} (10... Na6 11. c3 Nc7 12. Bf4 Nd5 13. Bh2 Be6 14. Nd2 f5 15. Bb3 h5 16. Re1 Bh6 17. Be5 {0-1 (50) Karthikeyan,M (2574)-Wei,Y (2748) Ashkhabad 2017}) 11. Bf4 Nb6 {The position is equal.} 12. Bb3 Nd5 13. Bh2 Be6 $146 ({Predecessor:} 13... Bf5 14. Re1 Qd7 15. Nd2 Rfe8 16. Rxe8+ Rxe8 17. Nc4 Bf8 {0-1 (28) Krivoborodov,E (2380)-Sergienko,S (2467) Moscow 2007}) 14. Re1 Re8 15. Nd2 {[%cal Bf3d2,Bd2c4,Bc4e5][%mdl 32]} f5 16. Nc4 f4 17. c3 g5 18. Ne5 Bf5 (18... Bxe5 $11 19. Rxe5 f6) 19. Qh5 Qf6 (19... f6 $11 20. Nc4 Re7) 20. Re2 h6 21. Rae1 Re7 22. Qf3 (22. Ng4 {is interesting.} Bxg4 23. Qxg4 Rae8 24. Rxe7 Rxe7 25. Rxe7 Nxe7 26. Qd7) 22... Rae8 23. Bxd5 (23. Kh1 $11 {keeps the balance.}) 23... cxd5 $17 24. Qxd5 Qb6 ({Better is} 24... Qe6 $17 25. Qb5 (25. Qxa5 Qb3 $17) 25... Qa6) 25. Qf3 (25. g3 $1 $11) 25... Qb3 $1 26. g3 {[#]} f6 $1 27. gxf4 fxe5 28. fxe5 (28. fxg5 $17 {was the only chance.} Qf7 29. gxh6 Qg6+ 30. Qg2 Bxh6 31. Rxe5 Rxe5 32. Qxg6+ Bxg6 33. Bxe5) 28... Be6 $19 29. h4 (29. Rd2 $142) 29... Rf8 ({But not} 29... gxh4 30. Rd2 $19) ({Less strong is} 29... Qxa4 30. hxg5 hxg5 31. Qg2 $17) 30. Qg3 (30. Qd3 {is a better defense.}) 30... Rf5 31. f3 $2 (31. Qg2 {keeps fighting.}) 31... Bf8 32. Rg2 Rg7 33. Kh1 (33. Qf2 $142 g4 34. f4) 33... Bd5 34. Rf1 {[#]} Bxf3 (34... Rxf3 $142 $1 {[%mdl 512]} 35. Rxf3 Qd1+ 36. Bg1 Bxf3) 35. Rxf3 Qd1+ 36. Bg1 Rxf3 37. Qg4 Qd3 38. Qe6+ Kh7 39. hxg5 Rh3+ 40. Bh2 Qd1+ (40... Qf1+ $142 41. Rg1 Qf3+ 42. Rg2 Rxg5 43. Qxh3 Qxh3 44. Rxg5 hxg5 45. Kg1 g4 46. Kf2 Qxh2+ 47. Ke3 g3 48. Kf4 g2+ 49. Kf5 g1=Q 50. Ke6 Qg6+ 51. Kd7 Qc6+ 52. Kd8 Qh4#) 41. Rg1 Qf3+ 42. Rg2 Rxg5 {Precision: White = 21%, Black = 67%.} 0-1

[Event "CHN-ch Blitz Open 2018"]
[Site "Tianjin"]
[Date "2018.06.08"]
[Round "8.5"]
[White "Gao, Rui"]
[Black "Dai, Changren"]
[Result "1-0"]
[WhiteElo "2446"]
[BlackElo "2278"]
[Annotator "TA"]
[PlyCount "139"]
[EventDate "2018.06.07"]
[EventType "blitz"]
[EventRounds "9"]
[EventCountry "CHN"]
[SourceTitle "playchess.com"]
[Source "ChessBase"]
[SourceQuality "1"]

{[%evp 17,139,14,16,0,19,17,28,6,12,12,29,33,43,12,122,121,113,106,127,104,118,101,144,80,77,82,101,105,110,88,133,126,129,122,180,180,195,187,187,123,137,122,131,144,132,141,139,132,175,135,152,150,145,84,85,78,85,78,85,39,39,0,0,14,92,85,85,85,92,92,92,0,92,92,92,78,92,92,92,54,54,54,54,54,54,54,84,69,107,54,54,11,106,69,69,69,69,28,110,0,76,76,217,212,222,225,214,221,237,237,213,204,196,55,33,11,390,408,1810,1577,1679,1519,12841,12839]} 1. e4 e5 2. Nf3 Nc6 3. Nc3 Nf6 4. Bb5 Bb4 5. O-O O-O 6. d3 {[%cal Bd2d3,Bd3d4][%mdl 32]} d6 7. Ne2 Ne7 8. c3 Ba5 9. Ng3 Ng6 10. d4 {C49: Four Knights: 4 Bb5 Bb4} c6 11. Bd3 Bc7 $1 (11... Re8 12. Be3 Bb6 13. Re1 Be6 14. Qc2 Bg4 15. Be2 h6 16. h3 Be6 17. Rad1 Qc7 {1-0 (45) Artemiev,V (2692)-Khismatullin,D (2628) Sochi 2017}) 12. Re1 $146 {White has an edge.} ({Predecessor:} 12. Bc2 Re8 13. Re1 Nf4 14. h3 h6 15. Bxf4 exf4 16. Nf1 Nh7 17. N1h2 Nf8 {1-0 (32) Campora,D (2436)-Gokhale,C (2197) Prague 2017}) 12... Re8 13. h3 a5 14. Be3 d5 15. Bg5 {Threatens to win with exd5.} h6 (15... exd4 $11 16. cxd4 Bxg3) 16. Bxf6 $1 $16 Qxf6 17. exd5 cxd5 18. Bxg6 Qxg6 19. Nxe5 Qb6 20. Qb3 (20. Qc2 $142) 20... Qxb3 21. axb3 {[%cal Ba2b3,Bb3b4][%mdl 32]} b5 22. Nf1 Be6 23. Ne3 Red8 24. f4 f6 25. Nd3 Bb6 (25... Bd6 $16 26. Kf2 Re8) 26. b4 $18 a4 27. Nc5 Bf7 28. Nc2 (28. Kf2 $18) 28... Bc7 $16 29. g3 Bd6 30. Nb7 Rd7 31. Nxd6 Rxd6 32. f5 g6 33. Na3 Rb8 34. Re7 gxf5 35. Rf1 ({White should play} 35. Rae1) 35... Re6 36. Rxe6 Bxe6 {[%mdl 4096] Endgame KRB-KRN} 37. Kf2 Kf7 38. Ke3 Bd7 39. Kf3 Re8 40. Nc2 Ra8 (40... f4 $1 $11) 41. Re1 Be6 42. Kf4 Ra7 43. Ra1 Re7 44. Re1 Ra7 $1 45. Re2 Ra8 46. Re3 Ra7 47. Re1 Ra8 48. Ne3 a3 49. bxa3 Rxa3 50. Rc1 Ra2 {[%cal Ra2f2]} 51. Kf3 Kg6 52. Ng2 Kg7 53. Nf4 (53. Re1 $1 $16 {[%cal Re1e6]} Kf7 54. Nf4) 53... Bf7 $14 54. Re1 {Threatening Re7.} Kf8 (54... Rc2 $11 {keeps the balance.}) 55. Re2 Ra3 56. Re3 Ra6 57. Nd3 Ra1 (57... Ra3 $11 {remains equal.}) 58. Nf4 (58. Kf4 $16) 58... Rc1 (58... Ra6 $1 $11) 59. Ke2 $16 Kg7 (59... Rc2+ $16 60. Ke1 Kg8) 60. Kd2 $1 $18 {[%cal Rd2c1]} Rg1 {[#]} 61. Re7 $1 Kf8 62. Rb7 Rxg3 {intending ...Rf3.} 63. Rxb5 Rf3 64. Nxd5 Rxh3 {[#]} 65. Rb8+ (65. Nf4 $1 $18 {[%cal Rf4h3]} Rh2+ 66. Kd3) 65... Kg7 $14 66. Rb7 {b5 is the strong threat.} Rg3 $2 {[%mdl 8192]} (66... h5 $1 $11 {and Black stays safe.}) 67. b5 $18 Kg6 (67... Rg2+ $142 68. Ke1 Kf8) 68. Nf4+ {White is clearly winning.} Kg5 69. Ne2 Bd5 70. Rg7+ {Precision: White = 48%, Black = 44%.} 1-0

[Event "CHN-ch Blitz Open 2018"]
[Site "Tianjin"]
[Date "2018.06.08"]
[Round "8.6"]
[White "Wan, Yunguo"]
[Black "Xu, Yi"]
[Result "1-0"]
[WhiteElo "2605"]
[BlackElo "2455"]
[Annotator "TA"]
[PlyCount "81"]
[EventDate "2018.06.07"]
[EventType "blitz"]
[EventRounds "9"]
[EventCountry "CHN"]
[SourceTitle "playchess.com"]
[Source "ChessBase"]
[SourceQuality "1"]

{[%evp 25,81,9,14,14,14,12,12,15,12,0,35,39,48,41,49,52,50,39,39,40,160,87,177,167,169,164,413,310,331,315,277,242,250,243,246,248,247,246,280,296,306,295,436,310,359,334,350,315,374,370,568,368,712,468,761,496,567,432]} 1. e4 e5 2. Nf3 Nc6 3. Bc4 Bc5 4. c3 Nf6 5. d4 exd4 6. e5 d5 7. Bb5 Ne4 8. cxd4 Bb6 9. Nc3 {C54: Giuoco Piano: 4 c3 Nf6, main lines with 5 d4 and 5 d3} Bg4 10. Be3 O-O 11. h3 Bh5 (11... Bxf3 12. gxf3 Nxc3 13. bxc3 f6 14. Bxc6 bxc6 15. f4 Qe7 16. a4 Ba5 {0-1 (41) Wan,Y (2486)-Xu,Y (2482) Shenzhen 2017}) 12. Qc2 Bg6 13. Qb3 Ne7 {LiveBook: 15 Games} 14. O-O c6 15. Bd3 Nd2 16. Nxd2 {[#] Ne2 is the strong threat.} Bxd3 17. Rfe1 {[%cal Bf1e1,Be1e3,Be3c3][%mdl 32]} Nf5 {[#]} 18. Na4 $146 Bb5 19. Nxb6 axb6 20. a4 Ba6 21. Nf3 Nxe3 22. Rxe3 c5 {[#]} (22... Re8 $14) 23. Rd1 (23. Rae1 $142 $1) 23... Bc4 (23... c4 $16 24. Qb4 b5) 24. Qc2 $18 Rc8 25. Rc3 Qd7 $2 (25... Qe7 26. b3 Ba6) 26. b3 Ba6 27. dxc5 bxc5 28. Rxc5 $40 {[%mdl 128] White goes for the king.} b6 29. Rxc8 Rxc8 30. Qd2 Rd8 31. Qe3 Qe6 32. Nd4 Qg6 33. Rc1 Re8 (33... Rc8 {was worth a try.} 34. Rxc8+ Bxc8) 34. f4 {[%cal Bf2f4,Bf4f5][%mdl 32]} h6 35. f5 Qh5 36. Kh2 Qh4 37. Rc6 Bf1 (37... Qe4 $142 38. Qxe4 dxe4 39. Rxb6 Bf1) 38. Rxb6 Kh7 $2 (38... Qe4 39. Qxe4 dxe4) 39. Rb7 {White is clearly winning.} Qh5 (39... Qe4 $142 40. Qxe4 dxe4) 40. Qf3 Qh4 41. Qg4 {Precision: White = 74%, Black = 15%.} 1-0

[Event "CHN-ch Blitz Open 2018"]
[Site "Tianjin"]
[Date "2018.06.08"]
[Round "8.7"]
[White "Fang, Yuxiang"]
[Black "Zeng, Chongsheng"]
[Result "1-0"]
[WhiteElo "2443"]
[BlackElo "2477"]
[Annotator "TA"]
[PlyCount "115"]
[EventDate "2018.06.07"]
[EventType "blitz"]
[EventRounds "9"]
[EventCountry "CHN"]
[SourceTitle "playchess.com"]
[Source "ChessBase"]
[SourceQuality "1"]

{[%evp 9,115,0,24,20,35,37,43,39,48,0,35,35,33,38,38,28,34,24,30,4,35,24,47,47,44,48,22,29,25,27,56,56,56,48,49,49,47,47,48,6,37,40,42,37,49,49,64,64,64,52,57,64,84,64,108,63,145,152,175,170,170,170,166,127,138,153,193,154,185,120,175,182,168,56,183,183,233,240,506,489,468,296,909,0,440,0,0,0,0,-24,6,0,63,0,0,-58,313,89,95,-20,29981,29982,29979,618,598,556,1271,1235]} 1. Nf3 Nf6 2. c4 g6 3. b3 Bg7 4. Bb2 O-O 5. g3 a6 (5... d6 6. Bg2 e5 7. O-O c5 8. Nc3 Nc6 9. d3 Ne8 10. Nd2 Nc7 11. a3 a5 12. Nd5 Be6 13. e3 Rb8 14. Rb1 b5 15. cxb5 Bxd5 16. bxc6 Bxg2 17. Kxg2 Qe8 {½-½ (41) So,W (2815)-Carlsen,M (2832) chess.com INT 2017}) 6. Bg2 {A15: English Opening: 1...Nf6} b5 7. O-O Bb7 8. d4 $146 {White is slightly better.} ({Predecessor:} 8. d3 d6 9. Nbd2 Nbd7 10. Qc2 e5 11. d4 bxc4 12. dxe5 cxb3 13. Qxb3 dxe5 14. Qxb7 {½-½ (41) Bode,W (2342)-Gutman,L (2408) Germany 2008}) 8... e6 9. a3 Qe7 10. Nc3 Ne4 11. Qc2 Nxc3 12. Bxc3 d6 13. e4 Nd7 14. d5 bxc4 15. bxc4 {aiming for Bxg7.} Nc5 16. Bxg7 Kxg7 17. Rab1 e5 18. Nd2 Rfb8 19. Nb3 Bc8 20. Nxc5 dxc5 21. Qa4 Bd7 22. Qa5 {And now Rxb8 would win.} Qd6 23. Qc3 f6 24. Rb2 Rb6 25. Rfb1 Rab8 26. h4 h5 27. Bf3 a5 28. Rxb6 Rxb6 29. Rb2 Ba4 30. Kg2 Kf7 31. Be2 Ke7 32. Bd3 Bd1 (32... Kf7 $14) 33. Rd2 Rb3 34. Qxa5 Bg4 {[#]} 35. Be2 $1 Bc8 36. Qa4 Rb1 37. Qc2 Rb6 38. Qc3 Qd7 39. Qa5 (39. Rb2 $18) 39... Qh3+ (39... Kd6 $16 40. Qc3 Qh3+ 41. Kg1 Bg4) 40. Kg1 $18 Kd6 41. Rd1 (41. Qc3 $18) 41... Qd7 (41... g5 $1 $14) 42. Qc3 Qa4 43. Qc1 Qb3 $2 (43... Qe8 44. a4 Rb4) 44. Qh6 Qc2 45. Re1 Qc3 $2 (45... Qxe4 46. Qf8+ Kd7) 46. Rd1 (46. Rf1 $142) 46... Qc2 $1 47. Qd2 $2 $40 {[%mdl 128] White has some attack.} ({Better is} 47. Bf3 $18 Bg4 48. Qxg6 Bxf3 49. Qxf6+ Kd7 50. Qxf3) 47... Qxe4 $11 48. Bd3 Qg4 49. a4 Rb4 50. a5 Ba6 (50... Rb2 $11 51. Bc2 (51. Qe1 Bf5 $15) 51... Qxc4) 51. Rc1 ({White should play} 51. Re1 $14) 51... g5 52. hxg5 ({White should try} 52. Bf1 $11) 52... fxg5 $2 {[%mdl 8192] [#]} (52... Qxg5 $15 {stays ahead.} 53. Qxg5 fxg5) 53. Be2 $2 (53. Re1 $1 $18 {and the rest is easy. Threatens to win with Qe3.} h4 54. Qe3) 53... Qf5 $16 54. Bxh5 (54. Qe3 $16) 54... g4 $2 {[%mdl 8192]} (54... Rxc4 $11 55. Re1 Rd4) 55. Qh6+ Ke7 56. Bg6 (56. Qg7+ $142 Kd8 57. Bxg4 Qxg4 58. Qxg4 e4 59. Qxe4 Bb5 60. Qe6 Bd7 61. Qg8+ Ke7 62. a6) 56... Qf6 $18 57. Qh7+ Kd6 58. Bf5 {Precision: White = 47%, Black = 33%.} 1-0

[Event "CHN-ch Blitz Open 2018"]
[Site "Tianjin"]
[Date "2018.06.08"]
[Round "8.8"]
[White "Liu, Yan"]
[Black "Chen, Qi B"]
[Result "0-1"]
[WhiteElo "2466"]
[BlackElo "2401"]
[Annotator "TA"]
[PlyCount "147"]
[EventDate "2018.06.07"]
[EventType "blitz"]
[EventRounds "9"]
[EventCountry "CHN"]
[SourceTitle "playchess.com"]
[Source "ChessBase"]
[SourceQuality "1"]

{[%evp 17,147,13,16,0,0,0,0,0,0,0,0,0,10,0,0,-6,-6,-6,-4,-10,-8,-31,-2,-1,-3,-9,-9,-35,-27,-28,-12,-21,-14,-10,26,0,0,0,30,0,69,0,0,-5,0,-10,-6,-11,-6,-7,33,45,668,741,721,714,714,718,672,366,345,312,313,313,304,298,290,292,595,597,721,181,187,180,742,585,741,729,629,299,706,529,404,235,219,212,194,169,169,169,169,116,116,0,0,0,0,0,0,0,0,0,0,0,485,485,29969,29967,29971,29972,29972,29973,29973,29974,29974,29975,29975,29976,29976,8,8,0,29976,0,0,0,29976,29977,29977,29978,29978,0]} 1. Nf3 Nf6 2. c4 e6 3. g3 d5 4. Bg2 dxc4 5. Qa4+ Bd7 6. Qxc4 {A13: English Opening: 1...e6} c5 7. O-O (7. d4 Bc6 8. dxc5 Nbd7 9. Be3 Bd5 10. Qc2 Be4 11. Qc1 Ng4 12. b4 a5 13. Bg5 f6 14. Bd2 axb4 15. Bxb4 Nxc5 16. Bxc5 Rc8 17. Qc4 Bxc5 18. Qxe6+ {½-½ (41) Ding,L (2769)-Aronian,L (2794) Berlin 2018}) 7... Bc6 8. d3 Nbd7 9. Qc2 Be7 {LiveBook: 5 Games} 10. Nbd2 O-O 11. b3 b5 12. Bb2 Qb6 13. a4 $146 ({Predecessor:} 13. Rac1 Rfc8 {½-½ (22) Arsovic,Z (2407)-Djordjevic,V (2416) Kragujevac 2016}) 13... a6 14. e4 Rfd8 15. Rfc1 Bb7 16. Bc3 Nb8 17. Ne5 Nfd7 18. Nxd7 Rxd7 19. Nf3 Nc6 20. axb5 axb5 21. Rxa8+ Bxa8 22. Bd2 Qd8 23. Bf1 h6 24. Qb1 Bf8 25. Be3 Nd4 (25... Nb4 {looks sharper.} 26. Ne1 Rc7 27. Qa1 Rc6 28. Qe5 Bd6) 26. Nxd4 (26. Bxd4 $5 cxd4 27. Qa1 $11) 26... cxd4 27. Bd2 f5 28. Bh3 Rf7 (28... Ra7 $11) 29. Qc2 (29. Qa2 $14) 29... Bb7 30. Bf4 Qe8 31. exf5 exf5 32. Bg2 Bxg2 33. Kxg2 Qa8+ 34. Qc6 Qa3 $2 {[%mdl 8192]} (34... Ra7 $14) 35. Qd5 $1 $18 Qe7 36. Rc7 Qf6 37. Be5 Qg6 38. Bxd4 f4 39. Rxf7 Qxf7 40. Qxf7+ ({Resist} 40. Qxb5 f3+ 41. Kg1 Kh7 $18) 40... Kxf7 {[%mdl 4096] Endgame KB-KB} 41. Kf3 ({Weaker is} 41. gxf4 Ke6 $16) 41... fxg3 42. hxg3 ({Not} 42. fxg3 Ke6 $16) 42... Ke6 $2 (42... h5 43. Ke4 Bb4) 43. Ke4 h5 44. Be3 $2 (44. Be5 g6 45. d4) 44... g6 45. d4 {[%cal Bd3d4,Bd4d5][%mdl 32]} Bg7 $2 (45... Be7 46. d5+ Kd6 47. Bf4+ Kd7) 46. d5+ Kd7 47. Bd4 Bh6 48. Bh8 (48. Be5 $142 Bf8 49. f4) 48... Kd6 $2 (48... Bd2 49. Bd4 Ke7 50. Bc5+ Kf6) 49. Bb2 Bd2 50. Ba3+ (50. Be5+ $142 Kc5 51. d6) 50... Kd7 51. Bc5 Bc3 52. Kf4 Bf6 53. f3 Bd8 54. g4 (54. Ke5 $1 $18) 54... h4 $16 55. Ke3 ({White has to play} 55. g5 $1 $16) 55... h3 $11 56. Kf2 {aiming for Kg3.} Bh4+ $1 57. Kg1 {Hoping for Kh2.} Bg3 58. Bb4 Bf4 59. Kh1 Bg3 60. Bc5 {Strongly threatening Bg1.} Bf4 $2 {[%mdl 8192]} (60... Be5 $11 {and Black has nothing to worry.}) 61. Bg1 $1 $18 Kd6 (61... Be5 $18 62. Bh2 Bf6) 62. Bh2 Bxh2 63. Kxh2 Kxd5 64. Kxh3 {K3P-KPP} Kd4 65. f4 Ke4 66. Kg3 b4 67. g5 Ke3 {[#]} 68. Kg4 $2 (68. f5 $1 {[%mdl 512]} gxf5 69. g6 f4+ 70. Kg2 Ke2 71. g7 f3+ 72. Kg3 f2 73. g8=Q) 68... Ke4 $11 69. Kg3 $2 {[%mdl 8192]} (69. f5 $11 gxf5+ 70. Kh5) 69... Ke3 $1 {[#]} 70. Kg4 $2 (70. f5 $1 {[%mdl 512]} gxf5 71. g6 f4+ 72. Kg2 Ke2 73. g7 f3+ 74. Kg3 f2 75. g8=Q) 70... Ke4 71. Kg3 $2 {[%mdl 8192]} (71. f5 $11 gxf5+ 72. Kh5) 71... Ke3 $1 {[#]} 72. f5 $1 {[%mdl 512] White mates.} gxf5 73. g6 f4+ {[#]} 74. Kg4 $2 {[%mdl 32768] Precision: White = 49%, Black = 51%. . Sensor Board Error (Ke4/e5)?} (74. Kg2 $1 {mates} Ke2 75. g7 f3+ 76. Kg3 f2 77. g8=Q f1=R 78. Qc4+ Ke1 79. Qxb4+ Kd1 80. Qd4+ Ke2 81. Qc4+ Ke1 {[#]} 82. Qxf1+ $1 {[%mdl 512]} Kxf1 83. b4) 0-1

[Event "CHN-ch Blitz Open 2018"]
[Site "Tianjin"]
[Date "2018.06.08"]
[Round "8.9"]
[White "Li, Di"]
[Black "Li, Yankai"]
[Result "1-0"]
[WhiteElo "2338"]
[BlackElo "2337"]
[Annotator "RC"]
[PlyCount "89"]
[EventDate "2018.06.07"]
[EventType "blitz"]
[EventRounds "9"]
[EventCountry "CHN"]
[SourceTitle "playchess.com"]
[Source "ChessBase"]
[SourceQuality "1"]
[TimeControl "180+2"]

1. e4 {[%emt 0:00:00]} e5 {[%emt 0:00:02]} 2. Nf3 {[%emt 0:00:00]} Nc6 {[%emt 0:00:01]} 3. Bb5 {[%emt 0:00:02]} a6 {[%emt 0:00:00]} 4. Ba4 {[%emt 0:00:01]} Nf6 {[%emt 0:00:01]} 5. O-O {[%emt 0:00:05]} b5 {[%emt 0:00:01]} 6. Bb3 {[%emt 0:00:01]} Bc5 {[%emt 0:00:01]} 7. d3 {[%emt 0:00:04]} d6 {[%emt 0:00:01]} 8. h3 {[%emt 0:00:31]} O-O {[%emt 0:00:21]} 9. Bd2 {[%emt 0:00:07]} Bb7 {[%emt 0:00:23]} 10. a4 {[%emt 0:00:08]} Nd4 {[%emt 0:00:05]} 11. Nxd4 {[%emt 0:00:06]} Bxd4 {[%emt 0:00:02]} 12. c3 {[%emt 0:00:11]} Bb6 {[%emt 0:00:01]} 13. Na3 {[%emt 0:00:03]} Qd7 {[%emt 0:00:06]} 14. Qe2 {[%emt 0:00:09]} Rfe8 {[%emt 0:00:01]} 15. Bg5 {[%emt 0:00:20]} Qe7 {[%emt 0:01:15]} 16. axb5 {[%emt 0:00:10]} axb5 {[%emt 0:00:01]} 17. Nxb5 {[%emt 0:00:05]} h6 {[%emt 0:00:01]} 18. Be3 {[%emt 0:00:06]} Bc6 {[%emt 0:00:10]} 19. Na3 {[%emt 0:00:06]} Reb8 {[%emt 0:00:04]} 20. Bc4 {[%emt 0:00:35]} d5 {[%emt 0:00:17]} 21. exd5 {[%emt 0:00:06]} Nxd5 {[%emt 0:00:01]} 22. Bxd5 {[%emt 0:00:13]} Bxd5 {[%emt 0:00:01]} 23. Nc2 {[%emt 0:00:04]} Qe6 {[%emt 0:00:09]} 24. Bxb6 {[%emt 0:00:08]} Rxa1 {[%emt 0:00:09]} 25. Rxa1 {[%emt 0:00:02]} Rxb6 {[%emt 0:00:01]} 26. Ne3 {[%emt 0:00:04]} Bb3 {[%emt 0:00:07]} 27. Qg4 {[%emt 0:00:04]} Qxg4 {[%emt 0:00:15]} 28. hxg4 {[%emt 0:00:02]} g6 {[%emt 0:00:03]} 29. Kf1 {[%emt 0:00:02]} Kf8 {[%emt 0:00:06]} 30. Ra7 {[%emt 0:00:04]} c5 {[%emt 0:00:10]} 31. Rc7 {[%emt 0:00:03]} Rb5 {[%emt 0:00:01]} 32. c4 {[%emt 0:00:06]} Ra5 {[%emt 0:00:02]} 33. Nd5 {[%emt 0:00:02]} Ra2 {[%emt 0:00:01]} 34. Rxc5 {[%emt 0:00:07]} Rxb2 {[%emt 0:00:01]} 35. Ne3 {[%emt 0:00:02]} Ba2 {[%emt 0:00:03]} 36. Rxe5 {[%emt 0:00:06]} Bb1 {[%emt 0:00:02]} 37. d4 {[%emt 0:00:02]} Bd3+ {[%emt 0:00:02]} 38. Kg1 {[%emt 0:00:01]} Rb1+ {[%emt 0:00:04]} 39. Kh2 {[%emt 0:00:01]} Rb4 {[%emt 0:00:01]} 40. Rc5 {[%emt 0:00:05]} Kg7 {[%emt 0:00:02]} 41. Kg3 {[%emt 0:00:01]} Rb6 {[%emt 0:00:02]} 42. d5 {[%emt 0:00:01]} h5 {[%emt 0:00:05]} 43. gxh5 {[%emt 0:00:01]} g5 {[%emt 0:00:01]} 44. Rc6 {[%emt 0:00:02]} f6 {[%emt 0:00:02]} 45. h6+ {[%emt 0:00:02]} 1-0